000 00253nam a2200121 i 4500
001 bg
245 0 _aZdjęcia geologiczne.
260 _aWarszawa,
_c1966.
040 _cBPK
041 _apol
942 _cKS
008 s pl f |000 0 pol
999 _c26180
_d26180
856 _uhttp://koha.tu.koszalin.pl/cgi-bin/koha/opac-detail.pl?biblionumber=26180
_yKatalog online BPK